Manual para el reconocimiento de malezas en los cultivos de verano /
Guardado en:
| Autor Principal: | |
|---|---|
| Formato: | Libro |
| Publicado: |
Buenos Aires :
A. R. Molina,
1993
|
| Materias: | |
| Etiquetas: |
Agregar Etiqueta
Sin Etiquetas, Sea el primero en etiquetar este registro!
|
| LEADER | 00816nam a22001935a 4500 | ||
|---|---|---|---|
| 001 | CEM.cems016692 | ||
| 005 | 20110603110835.0 | ||
| 008 | 130507s1993##################000#0#####d | ||
| 003 | CEMS | ||
| 020 | |a 9879911512 | ||
| 082 | 0 | 4 | |a 632.5 |
| 100 | 1 | |a Molina, Aníbal R. | |
| 245 | 1 | 0 | |a Manual para el reconocimiento de malezas en los cultivos de verano / |c Anibal R Molina |
| 260 | |a Buenos Aires : |b A. R. Molina, |c 1993 | ||
| 300 | |a 93 p. | ||
| 505 | 0 | |a Indice de nombres científicos -- Indice de nombres comunes -- Gramíneas, características generales -- Dicoteledóneas, características generales -- Reconocimiento de malezas de hoja angosta -- Reconocimiento de malezas de hoja ancha -- Semillas | |
| 653 | |a Malezas | ||
| 653 | |a Malezas-reconocimiento | ||
| 859 | |a CEMS |b BIB. CEMS - Agricultura |h 632.5 |i M733 |p A18239.96 |t Ej.1 | ||
